Młodzieżowe słowa roku (2016 - 2022) - Statystyki

Ogólne statystyki
  • Ten quiz został rozwiązany 616 razy
    552 od ostatniego zresetowania
  • Średni wynik to 3 z 6
Statystyki odpowiedzi
Odpowiedź % Poprawnych
essa
73%
XD
63%
śpiulkolot
55%
dzban
36%
alternatywka
25%
sztos
24%
Nie znaleziono quizów pasujących do podanych kryteriów
Rozkład punktacji
Procent ludzi z każdym wynikiem
Percentyl według liczby udzielonych odpowiedzi
Twoja historia wyników
Nie rozwiązałeś tego quizu od ostatniego zresetowania